Normal view
MARC view
Entry Personal Name
001 - CONTROL NUMBER
- control field: 13608
003 - CONTROL NUMBER IDENTIFIER
- control field: dpl
005 - DATE AND TIME OF LATEST TRANSACTION
- control field: 20100814161929.0
008 - FIXED-LENGTH DATA ELEMENTS
- fixed length control field: 100814|||a|||||| | ||| d
040 ## - CATALOGING SOURCE
- Original cataloging agency: dpl
- Transcribing agency: dpl
100 ## - HEADING--PERSONAL NAME
- Personal name: Ponde, Vrushali
670 ## - SOURCE DATA FOUND
- Source citation: Work cat.: (dpl): Ponde, Vrushali, An illustrative manual of ultrasound guided regional anesthesia :, 2009
670 ## - SOURCE DATA FOUND
- Source citation: Work cat.: (dpl): Ponde, Vrushali, An illustrative manual of ultrasound guided regional anesthesia :, 2009
